| 000 | 00463nam a22001937a 4500 | ||
|---|---|---|---|
| 003 | CEME | ||
| 005 | 20210628205053.0 | ||
| 008 | 210121b xxu||||| |||| 00| 0 eng d | ||
| 020 | _a81-239-1492-X | ||
| 040 | _c. | ||
| 082 | _a940.2 DAY | ||
| 100 |
_aDayal Raghubir _96693 |
||
| 245 | _aModern european history | ||
| 250 | _a2ND | ||
| 260 |
_aNEW DELHI _bCBS PUBLICATION _c2007 |
||
| 300 | _aXV599P | ||
| 650 |
_aEUROPEAN HISTORY _973721 |
||
| 942 |
_cBK _2ddc |
||
| 999 |
_c579385 _d579385 |
||